LIBRARY & INFORMATION CENTRE, KCAET, TAVANUR

ONLINE PUBLIC ACCESS CATALOGUE (OPAC)

Barchester Towers / (Record no. 1033)

MARC details
000 -LEADER
fixed length control field 00387cam a2200157ua 4500
041 ## - LANGUAGE CODE
Language code of text/sound track or separate title eng
082 ## - DEWEY DECIMAL CLASSIFICATION NUMBER
Classification number 823.308
Item number TRO/BA
100 ## - MAIN ENTRY--AUTHOR NAME
Personal name Trollope, Anthony .
245 ## - TITLE STATEMENT
Title Barchester Towers /
260 ## - PUBLICATION, DISTRIBUTION, ETC. (IMPRINT)
Place of publication London :
Name of publisher The zodiac press ,
Year of publication 1962.
300 ## - PHYSICAL DESCRIPTION
Number of Pages 472 ; .
942 ## - ADDED ENTRY ELEMENTS (KOHA)
Koha item type Books
Holdings
Withdrawn status Lost status Damaged status Home library Current library Date acquired Full call number Accession Number Koha item type
Withdrawn     KAUAET Sanskrit University 07/04/2012 823.308 5454 Books
Withdrawn     KAUAET Sanskrit University 07/04/2012 823.308 5020 Books
free website counter